000 00332nam a2200133Ia 4500
005 20251222143130.0
008 251222s9999||||xx |||||||||||||| ||spa||
020 _a84-7884-181-4
082 _a370.193.4/G58
100 _aGoikoetxea Piérola, Javier
245 0 _aEnsayos de Pedagogía Crítica
264 _bPopular
942 _cLIB
999 _c11894
_d11894